000 00447nam a22001697a 4500
003 MACL
005 20160730121949.0
008 160730b xxu||||| |||| 00| 0 eng d
040 _cMACL
041 _aEnglish
082 _a826 KUM
100 _aKumar, Girja
_93247
245 _aMahatma Gandhi's Letters on Brahmacharya Sexuality And Love
_cGirja Kumar
260 _aNew Delhi
_bVitasta
_c2015
650 _aLetter
_965745
942 _2ddc
_cBK
999 _c55309
_d55309